A kukorica csövén és szárán megjelenő fusarium gombák által okozott megbetegedések vizsgálata
Elmentve itt :
| Szerző: | |
|---|---|
| További közreműködők: | |
| Dokumentumtípus: | Szakdolgozat |
| Megjelent: |
2009
|
| Kulcsszavak: | Növényvédelem Kukorica Fusarium |
| Tárgyszavak: | |
| Online Access: | http://diploma.bibl.u-szeged.hu/102406 |
| LEADER | 00883nta a2200253 i 4500 | ||
|---|---|---|---|
| 001 | dipl102406 | ||
| 005 | 20220125094419.0 | ||
| 008 | 220125s2009 hu om 0|| zxx d | ||
| 040 | |a SZTE Diploma Repozitórium |b hun | ||
| 041 | |a zxx | ||
| 100 | 1 | |a Selmeczi Nikoletta | |
| 245 | 1 | 2 | |a A kukorica csövén és szárán megjelenő fusarium gombák által okozott megbetegedések vizsgálata |h [elektronikus dokumentum] / |c Nikoletta Selmeczi |
| 260 | |c 2009 | ||
| 300 | |a 33 | ||
| 650 | 4 | |a Agrár | |
| 650 | 4 | |a Agricultural sciences | |
| 650 | 4 | |a Agriculture, forestry and fisheries | |
| 650 | 4 | |a Plant breeding and plant protection | |
| 695 | |a Növényvédelem | ||
| 695 | |a Kukorica | ||
| 695 | |a Fusarium | ||
| 700 | 0 | 1 | |a Tanács Lajos |e ths |
| 700 | 0 | 1 | |a Mesterházy Ákos |e ths |
| 856 | 4 | 0 | |u https://diploma.bibl.u-szeged.hu/id/eprint/102406/1/2009_selmeczi_nikoletta.pdf |z Dokumentum-elérés |